Elements of probability theory /

Guardado en:
Autor Principal: Bass, J.
Formato: Libro
Idioma:English
French
Publicado: New York : Academic Press, 1966.
Materias:
Etiquetas: Agregar Etiqueta
Sin Etiquetas, Sea el primero en etiquetar este registro!
LEADER 00903cam a2200241 a 4500
001 MAT.inmabb005225
008 731003s1966####nyua#####b####001#0#eng##
005 20130226123508.0
245 1 0 |a Elements of probability theory /  |c J. Bass ; translated by W. McKay ; translation editor, A. Jeffrey. 
260 |a New York :  |b Academic Press,  |c 1966. 
300 |a xiv, 249 p. :  |b il. ;  |c 24 cm. 
500 |a Traducción de: Éléments de calcul des probabilités théorique et appliqué. Paris : Masson, 1962. 
504 |a Bibliografía: p. 243-246. 
510 4 |a MR,  |c 34 #834 
100 1 |a Bass, J.  |q (Jean) 
240 1 0 |a Eléments de calcul des probabilités théorique et appliqué.  |l Inglés 
650 0 |a Probabilities. 
650 0 |a Mathematical statistics. 
084 |a 60-01  |2 msc2000 
010 |a  66014466  
040 |a DLC  |c DLC  |d ICU  |d DLC 
041 1 |a eng  |h fre 
859 |h 60  |i B317  |p A-2593  |b BIB. MATEMATICA